000 00608nam a2200193 i 4500
001 128723
003 ES-MaACL
005 20230906193341.0
007 t|
008 070524s1970 sp |||| | spa d
080 _a930(460)"14"
100 1 _aTate, Robert Brian.
_9109382
245 1 0 _aEnsayos sobre la historiografía peninsular del siglo XV /
_cRobert Brian Tate ; versión española de Jesús Díaz.
260 _aMadrid :
_bGredos,
_c[1970]
300 _a358 p. ;
_c20 cm.
650 4 _aHistoriografía-
_zEspaña-
_yS.XV.
_9167656
700 1 _aDíaz, Jesús.
_944128
852 _aES-MaACL
_jC-39429
999 _c128723
_d128723